The forging of nationhood / (Record no. 1678235)
[ view plain ]
| 000 -LEADER | |
|---|---|
| fixed length control field | 01780nam a22002657a 4500 |
| 003 - CONTROL NUMBER IDENTIFIER | |
| control field | OSt |
| 005 - DATE AND TIME OF LATEST TRANSACTION | |
| control field | 20260127121134.0 |
| 008 - FIXED-LENGTH DATA ELEMENTS--GENERAL INFORMATION | |
| fixed length control field | 260127b |||||||| |||| 00| 0 eng d |
| 020 ## - INTERNATIONAL STANDARD BOOK NUMBER | |
| International Standard Book Number | 9788173044250 |
| 040 ## - CATALOGING SOURCE | |
| Transcribing agency | HDL |
| Language of cataloging | eng |
| 082 ## - DEWEY DECIMAL CLASSIFICATION NUMBER | |
| Classification number | 330.300 P3 |
| 245 04 - TITLE STATEMENT | |
| Title | The forging of nationhood / |
| Statement of responsibility, etc. | edited by Gyanendra Pandey, Peter Geschiere. |
| 260 ## - PUBLICATION, DISTRIBUTION, ETC. | |
| Place of publication, distribution, etc. | New Delhi : |
| Name of publisher, distributor, etc. | Manohar, |
| Date of publication, distribution, etc. | 2003. |
| 300 ## - PHYSICAL DESCRIPTION | |
| Extent | 303 p. ; |
| Dimensions | 22 cm. |
| 504 ## - BIBLIOGRAPHY, ETC. NOTE | |
| Bibliography, etc. note | Includes bibliographical references. |
| 505 0# - FORMATTED CONTENTS NOTE | |
| Formatted contents note | The forging of nationhood : the contest over citizenship, ethnicity and history / Gyanendra Pandey and Peter Geschiere -- Citizenship and the administration of dominated populations : the case of postcolonial Ecuador / Andres Guerrero -- The spirit of Bolivian laws : citizenship, infamy and patriarchal hierarchy / Rossana Barragan -- Wrestling with the connotations of Chinese Minzu / Zhang Haiyang -- The return of Keppetipola's Cranium : the construction of authenticity in Sri Lankan nationalism / Nira Wickramasinghe -- Women's place in the nation : an early twentieth century Indian debate about the right of maidenhood / Sudhir Chandra -- Inventing oneself as "Mu-Luba" in Zaire : state, citizen, and ethnic power in modernity / T.K. Biaya -- From conquest to consent as the basis of state formation : reflections in Rawanda / Mahmood Mamdani -- The story of three songs : illuminations on the cultural politics of Thai citizenship / Kasian Tejapira. |
| 520 ## - SUMMARY, ETC. | |
| Summary, etc. | Contributed articles. |
| 650 #0 - SUBJECT ADDED ENTRY--TOPICAL TERM | |
| Topical term or geographic name entry element | Nationalism |
| Geographic subdivision | Developing countries. |
| 9 (RLIN) | 1112068 |
| 650 #0 - SUBJECT ADDED ENTRY--TOPICAL TERM | |
| Topical term or geographic name entry element | Cultural pluralism |
| Geographic subdivision | Developing countries. |
| 9 (RLIN) | 1112069 |
| 651 ## - SUBJECT ADDED ENTRY--GEOGRAPHIC NAME | |
| Geographic name | India |
| 9 (RLIN) | 1112070 |
| 700 1# - ADDED ENTRY--PERSONAL NAME | |
| Personal name | Pandey, Gyanendra, |
| Dates associated with a name | 1949- |
| 9 (RLIN) | 1112071 |
| 700 1# - ADDED ENTRY--PERSONAL NAME | |
| Personal name | Geschiere, Peter. |
| 9 (RLIN) | 1112072 |
| 942 ## - ADDED ENTRY ELEMENTS (KOHA) | |
| Source of classification or shelving scheme | Colon Classification (CC) |
| Koha item type | Textual |
| Suppress in OPAC | Yes |
| Withdrawn status | Lost status | Source of classification or shelving scheme | Damaged status | Not for loan | Home library | Current library | Date acquired | Total Checkouts | Date last seen | Price effective from | Koha item type |
|---|---|---|---|---|---|---|---|---|---|---|---|
| Colon Classification (CC) | Department of History Library | Department of History Library | 2026-01-27 | 2026-01-27 | 2026-01-27 | Textual |
